Socio-Economic Impact of Microfinance in Southvilee 8C San Isidro, Rodriguez, Rizal/ (Record no. 77994)
[ view plain ]
| 000 -LEADER | |
|---|---|
| fixed length control field | 01846nam a22002537a 4500 |
| 003 - CONTROL NUMBER IDENTIFIER | |
| control field | URS |
| 005 - DATE AND TIME OF LATEST TRANSACTION | |
| control field | 20240416181811.0 |
| 008 - FIXED-LENGTH DATA ELEMENTS--GENERAL INFORMATION | |
| fixed length control field | 240315b |||||||| |||| 00| 0 eng d |
| 050 00 - LIBRARY OF CONGRESS CALL NUMBER | |
| Classification number | LG 221.R59 |
| Item number | An1332019 |
| 100 1# - MAIN ENTRY--PERSONAL NAME | |
| Personal name | Dela Cruz, Analyn V. |
| Relator term | Resesarcher |
| 245 10 - TITLE STATEMENT | |
| Title | Socio-Economic Impact of Microfinance in Southvilee 8C San Isidro, Rodriguez, Rizal/ |
| Statement of responsibility, etc. | Estrada, Ma Diana O. [and] Lamberte, Evangilen S. |
| 300 ## - PHYSICAL DESCRIPTION | |
| Extent | xi, 71 leaves |
| Other physical details | illustration |
| Dimensions | 28 cm |
| 336 ## - CONTENT TYPE | |
| Source | text |
| Content type term | rdacontent |
| 337 ## - MEDIA TYPE | |
| Source | rdamedia |
| Media type term | unmediated |
| 338 ## - CARRIER TYPE | |
| Source | rdacarrier |
| Carrier type term | volume |
| 502 ## - DISSERTATION NOTE | |
| Dissertation note | Undergraduate Thesis |
| Degree type | Bachelor of Science in Business Administration Major in Financial Management |
| Name of granting institution | University of Rizal System, Rodriguez, Rizal |
| Year degree granted | 2019 |
| 520 ## - SUMMARY, ETC. | |
| Summary, etc. | This study aimed to find out the Socio-Economic Impact of Microfinance in Southville 8C San Isidro, Rodriguez, Rizal for the academic year 2017-2018 The researchers used descriptive method of research to determine the purpose of the study. The subject of the study was the socio-economic Impact of microfinance in Southville 8C. The respondents of the study were the 9 borrowers that 5 years and above as a member and the ASA Philippines Foundation which mostly known in Southville 8C San Isidro Rodriguez, Rizal for the academic year 2017-2018. They were randomly selected. Interview guide questions was used to identify the findings of the study with adequate interpretation. The results of the study were presented, analyzed and interpreted. |
| 650 ## - SUBJECT ADDED ENTRY--TOPICAL TERM | |
| Source of heading or term | ocio-Economic Impact of Microfinance in Southville 8C San Isidro, Rodriguez, Rizal |
| 700 ## - ADDED ENTRY--PERSONAL NAME | |
| Personal name | Estrada, Ma Diana O. |
| Relator term | Researcher |
| 700 ## - ADDED ENTRY--PERSONAL NAME | |
| Personal name | Lamberte, Evangilen S. |
| Relator term | Researcher |
| 700 ## - ADDED ENTRY--PERSONAL NAME | |
| Personal name | Madriaga, Elsa Mia |
| Relator term | Adviser |
| 856 ## - ELECTRONIC LOCATION AND ACCESS | |
| Materials specified | Online Request for Student Unpublished Works |
| Uniform Resource Identifier | <a href="https://forms.gle/7LqvGGkaDrUQqz429">https://forms.gle/7LqvGGkaDrUQqz429</a> |
| 942 ## - ADDED ENTRY ELEMENTS (KOHA) | |
| Source of classification or shelving scheme | Library of Congress Classification |
| Koha item type | Theses and dissertations |
No items available.